UBT Library

BEHAVIOR MODIFICATION (Record no. 58889)

000 -LEADER
fixed length control field 00334nam a22001457a 4500
008 - FIXED-LENGTH DATA ELEMENTS--GENERAL INFORMATION
fixed length control field 221114b ||||| |||| 00| 0 eng d
020 ## - INTERNATIONAL STANDARD BOOK NUMBER
International Standard Book Number 9781305109391
041 ## - LANGUAGE CODE
Language code of text/sound track or separate title eng
080 ## - UNIVERSAL DECIMAL CLASSIFICATION NUMBER
Edition identifier SIXTH EDITION
Universal Decimal Classification number 159.9
082 ## - DEWEY DECIMAL CLASSIFICATION NUMBER
Classification number 159.9
100 ## - Rafti
Rafti 25
101 ## - Shkurtesa
Shkurtesa PSI
245 ## - TITLE STATEMENT
Title BEHAVIOR MODIFICATION
Statement of responsibility, etc MILTENBERGER R
942 ## - ADDED ENTRY ELEMENTS (KOHA)
Source of classification or shelving scheme
Item type Books
Holdings
Withdrawn status Lost status Source of classification or shelving scheme Damaged status Not for loan Collection code Permanent location Current location Date acquired Total Checkouts Full call number Barcode Date last seen Price effective from Koha item type
          Koleksioni i përgjithshem UBT - Lipjan UBT - Lipjan 11/14/2022   159.9 MIL 002-800028700260655 11/14/2022 11/14/2022 Books
          Koleksioni i përgjithshem UBT - Lipjan UBT - Lipjan 11/14/2022   159.9 MIL 002-800028700260656 11/14/2022 11/14/2022 Books
          Koleksioni i përgjithshem UBT - Lipjan UBT - Lipjan 11/14/2022   159.9 MIL 002-800028700260657 11/14/2022 11/14/2022 Books
          Koleksioni i përgjithshem UBT - Lipjan UBT - Lipjan 11/14/2022   159.9 MIL 002-800028700260658 11/14/2022 11/14/2022 Books
          Koleksioni i përgjithshem UBT - Lipjan UBT - Lipjan 11/14/2022   159.9 MIL 002-800028700260659 11/14/2022 11/14/2022 Books
UBT Library © 2015-2024. All rights reserved University Education for Business and Technology